[Event "Cearense-ch 69th"]
[Site "Fortaleza"]
[Date "2000.09.24"]
[Round "2"]
[White "Correia, Aristoteles de Jesu"]
[Black "Wescley, Andre Aguiar"]
[Result "1-0"]
[WhiteElo "1800"]
[BlackElo "1800"]
[PlyCount "65"]
[EventDate "2000.??.??"]
[EventType "swiss"]
[EventRounds "9"]
[EventCountry "BRA"]
[SourceTitle "EXT 2003"]
[Source "ChessBase"]
[SourceDate "2002.11.25"]
[SourceVersion "1"]
[SourceVersionDate "2002.11.25"]
[SourceQuality "1"]

1. c4 Nf6 2. g3 d5 3. Bg2 e6 4. Nf3 dxc4 5. Qa4+ Bd7 6. Qxc4 b5 7. Qc2 Bd6 8. 0-0 0-0 9. b3 Bc6 10. Bb2 Re8 11. d4 Be4 12. Qd1 Nbd7 13. Nc3 c6 14. Nxe4 Nxe4 15. Qc2 Ndf6 16. Qxc6 a6 17. Rae1 Qc8 18. Rc1 Qxc6 19. Rxc6 g5 20. Nxg5 Nxg5 21. Rxd6 Nge4 22. Rc6 a5 23. d5 Rac8 24. f3 Nxd5 25. Rxc8 Rxc8 26. fxe4 Ne3 27. Rc1 Rc2 28. Rxc2 Nxc2 29. Kf2 Kf8 30. e3 Nb4 31. Ba3 Ke8 32. Bxb4 axb4 33. Bf1 1-0